[Event "Amantea op-B 8th"]
[Site "Amantea"]
[Date "2010.09.02"]
[Round "5"]
[White "Zampaglione, Davide"]
[Black "Zampaglione, Francesco"]
[Result "0-1"]
[WhiteElo "1662"]
[BlackElo "1467"]
[PlyCount "36"]
[EventDate "2010.08.29"]
[EventType "swiss"]
[EventRounds "9"]
[EventCountry "ITA"]
[SourceTitle "CBM 138 Extra"]
[Source "ChessBase"]
[SourceDate "2010.10.29"]
[SourceVersion "1"]
[SourceVersionDate "2010.10.29"]
[SourceQuality "1"]

1. e4 e5 2. Nc3 Bc5 3. Na4 Bxf2+ 4. Kxf2 Qh4+ 5. Ke3 Qf4+ 6. Kd3 d5 7. Kc3 Qxe4 8. Kb3 Na6 9. a3 Qxa4+ 10. Kxa4 Nc5+ 11. Kb4 a5+ 12. Kxc5 Ne7 13. Bb5+ Kd8 14. Bc6 b6+ 15. Kb5 Nxc6 16. Kxc6 Bb7+ 17. Kxb7 Kd7 18. Qg4+ Kd6 0-1

[Event "Filadelfia op 1st"]
[Site "Filadelfia"]
[Date "2009.12.06"]
[Round "3"]
[White "Mantello, Filippo"]
[Black "Zampaglione, Francesco"]
[Result "0-1"]
[WhiteElo "1640"]
[BlackElo "1425"]
[PlyCount "54"]
[EventDate "2009.12.05"]
[EventType "swiss"]
[EventRounds "7"]
[EventCountry "ITA"]
[SourceTitle "EXT 2012"]
[Source "ChessBase"]
[SourceDate "2011.11.24"]
[SourceVersion "1"]
[SourceVersionDate "2011.11.24"]
[SourceQuality "1"]

1. e4 d6 2. d4 Nf6 3. Nc3 Nbd7 4. Bg5 e5 5. Nf3 Be7 6. Bc4 0-0 7. Qd3 h6 8. Bh4 c6 9. dxe5 dxe5 10. 0-0-0 b5 11. Bb3 Qb6 12. Qe2 a5 13. a3 a4 14. Ba2 Re8 15. Kd2 Ba6 16. Qe1 Red8 17. Rb1 b4 18. axb4 Bxb4 19. h3 Nxe4+ 20. Kc1 Nef6 21. Nxe5 Nxe5 22. Qxe5 Re8 23. Qg3 Ne4 24. Qf3 Nxc3 25. Bxf7+ Kh8 26. Bxe8 Ne2+ 27. Kd1 Rd8+ 0-1

[Event "Locri Province-ch"]
[Site "Locri"]
[Date "2009.02.21"]
[Round "2"]
[White "Zampaglione, Francesco"]
[Black "Familari, Giuseppe"]
[Result "0-1"]
[WhiteElo "1368"]
[BlackElo "1822"]
[PlyCount "46"]
[EventDate "2009.02.20"]
[EventType "swiss"]
[EventRounds "5"]
[EventCountry "ITA"]
[SourceTitle "EXT 2011"]
[Source "ChessBase"]
[SourceDate "2010.11.26"]
[SourceVersion "1"]
[SourceVersionDate "2010.11.26"]
[SourceQuality "1"]

1. e4 Nc6 2. Nf3 d5 3. exd5 Qxd5 4. Nc3 Qa5 5. Bb5 Bd7 6. Ne5 Nxe5 7. Bxd7+ Nxd7 8. 0-0 Ngf6 9. d3 e6 10. Be3 Bd6 11. Qf3 0-0-0 12. Ne4 Nxe4 13. Qxe4 Qe5 14. Qxe5 Nxe5 15. f4 Ng4 16. Rae1 Nxe3 17. Rxe3 Bc5 18. Rfe1 Bxe3+ 19. Rxe3 h5 20. f5 exf5 21. Rf3 g6 22. Kf2 Rhe8 23. h3 Re6 0-1

[Event "Bagnara Calabra op-B"]
[Site "Bagnara Calabra"]
[Date "2009.01.05"]
[Round "5"]
[White "Pratico, Paolo"]
[Black "Zampaglione, Francesco"]
[Result "0-1"]
[WhiteElo "1317"]
[BlackElo "1368"]
[PlyCount "98"]
[EventDate "2009.01.02"]
[EventType "swiss"]
[EventRounds "7"]
[EventCountry "ITA"]
[SourceTitle "CBM 128 Extra"]
[Source "ChessBase"]
[SourceDate "2009.03.05"]
[SourceVersion "2"]
[SourceVersionDate "2009.03.25"]
[SourceQuality "1"]

1. d4 d5 2. Nf3 Nc6 3. g3 Bf5 4. c3 e6 5. e3 Bd6 6. a3 Nge7 7. b4 a6 8. Nbd2 b5 9. Nb3 0-0 10. Nc5 Bxc5 11. bxc5 Ng6 12. Bd3 Bg4 13. h4 Qf6 14. Be2 e5 15. h5 Nge7 16. Nh2 Bxe2 17. Qxe2 e4 18. Ng4 Qg5 19. h6 g6 20. Bd2 f5 21. Ne5 Nxe5 22. dxe5 c6 23. 0-0-0 Kh8 24. f3 Qxg3 25. fxe4 Qxe5 26. exd5 Qxd5 27. Kb2 Qxc5 28. Qd3 Qd5 29. Qd4+ Qxd4 30. cxd4 Nd5 31. Rdf1 Rae8 32. Rh3 Re4 33. Re1 Rc8 34. Kc2 c5 35. Kd1 c4 36. Bb4 Nxb4 37. axb4 Rce8 38. Ke2 Kg8 39. Ra1 R8e6 40. Rah1 f4 41. Rh5 Rxe3+ 42. Kd2 Rd3+ 43. Kc2 Re2+ 44. Kb1 Rxd4 45. Rf1 Ree4 46. Kc2 c3 47. Rf2 Rd2+ 48. Rxd2 cxd2 49. Kxd2 Rxb4 0-1

[Event "Bagnara Calabra op-B"]
[Site "Bagnara Calabra"]
[Date "2008.01.06"]
[Round "7"]
[White "Zampaglione, Francesco"]
[Black "Paragliola, Gennaro"]
[Result "0-1"]
[WhiteElo "1374"]
[BlackElo "1623"]
[PlyCount "74"]
[EventDate "2008.01.02"]
[EventType "swiss"]
[EventRounds "7"]
[EventCountry "ITA"]
[SourceTitle "EXT 2009"]
[Source "ChessBase"]
[SourceDate "2008.11.26"]
[SourceVersion "1"]
[SourceVersionDate "2008.11.26"]
[SourceQuality "1"]

1. e4 b6 2. Nc3 Bb7 3. Bc4 e6 4. d4 Nf6 5. Qd3 Bb4 6. Nge2 Bxe4 7. Qd2 0-0 8. f3 Bg6 9. a3 Be7 10. 0-0 d5 11. Bd3 Bxd3 12. Qxd3 c5 13. Be3 Nbd7 14. Rad1 cxd4 15. Nxd4 Rc8 16. Ndb5 a6 17. Nd4 b5 18. f4 Nc5 19. Qd2 Nce4 20. Nxe4 Nxe4 21. Qe2 Bc5 22. Rf3 Rc7 23. Rh3 Qc8 24. c3 Qb7 25. g4 a5 26. g5 b4 27. Qh5 f5 28. Nxe6 Bxe3+ 29. Rxe3 Qb6 30. Nd4 bxc3 31. Qe2 Qxb2 32. Nc2 Nd2 33. Qd3 Qa2 34. Re5 d4 35. Rxa5 g6 36. Ra4 Rd7 37. Qc4+ Nxc4 0-1

[Event "Bagnara Calabra op-B"]
[Site "Bagnara Calabra"]
[Date "2008.01.03"]
[Round "2"]
[White "Musico, Guglielmo"]
[Black "Zampaglione, Francesco"]
[Result "1-0"]
[WhiteElo "1548"]
[BlackElo "1374"]
[PlyCount "62"]
[EventDate "2008.01.02"]
[EventType "swiss"]
[EventRounds "7"]
[EventCountry "ITA"]
[SourceTitle "EXT 2009"]
[Source "ChessBase"]
[SourceDate "2008.11.26"]
[SourceVersion "1"]
[SourceVersionDate "2008.11.26"]
[SourceQuality "1"]

1. d4 d5 2. c4 Nf6 3. Nc3 e6 4. Nf3 Be7 5. Bg5 0-0 6. a3 b6 7. e3 Nbd7 8. Be2 Bb7 9. 0-0 c5 10. Rc1 a6 11. Qb3 Qc7 12. Bf4 Bd6 13. Bxd6 Qxd6 14. Nd2 Rfe8 15. Bf3 e5 16. Nxd5 Bxd5 17. Bxd5 Nxd5 18. cxd5 exd4 19. exd4 cxd4 20. Rc6 Qf4 21. Nf3 b5 22. Rd1 Ne5 23. Nxe5 Qxe5 24. g3 Rec8 25. Rdc1 Rxc6 26. Rxc6 g6 27. d6 Qe8 28. Kg2 Qe4+ 29. Qf3 Qxf3+ 30. Kxf3 f5 31. d7 Rd8 1-0